| 000 | 00719nam a2200241Ia 4500 | ||
|---|---|---|---|
| 003 | OSt | ||
| 005 | 20220923223006.0 | ||
| 006 | a|||||r|||| 00| 0 | ||
| 007 | ta | ||
| 008 | 220922b |||||||| |||| 00| 0 hin d | ||
| 024 | _a209,732 | ||
| 037 | _cTextual | ||
| 040 |
_aARTS _cARTS _bhin |
||
| 041 |
_2hin _ahin |
||
| 082 | _aO152,3NGU6x, N0 | ||
| 100 | _aगुप्ता, कुसुम | ||
| 245 | 0 | _aअग्नि परीक्षा | |
| 246 | _aAgni parīkṣhā | ||
| 260 |
_aनई दिल्ली _b विधा विहार _c1990 |
||
| 300 |
_a210पृ. _ccm. |
||
| 942 |
_hO152,3NGU6x, N0 _cTEXL _2CC |
||
| 999 |
_c360281 _d360281 |
||